000 00313nam a22001337a 4500
008 170616b xxu||||| |||| 00| 0 eng d
020 _a9780804735896
041 _aeng
080 _a32
100 _a20
101 _aSHP
245 _aCOMPARATIVE PEACE PROCESSES IN LATIN AMERICA
_cARNSON,C.J
942 _2udc
_cBK
999 _c17960
_d17960